Regional economic outlook Western Hemisphere

Gespeichert in:
Bibliographische Detailangaben
Format: Buch
Sprache:Englisch
Veröffentlicht: Washington International Monetary Fund 2007
Schriftenreihe:World economic and financial surveys
Schlagworte:
Tags: Tag hinzufügen
Keine Tags, Fügen Sie das erste Tag hinzu!

MARC

LEADER 00000nam$a2200000$$$4500
001 0078426
005 20240315115649.1
020 |a 978-1-58906-672-4 
041 0 |a eng 
044 |a US 
245 1 0 |a Regional economic outlook  |b Western Hemisphere 
264 1 |a Washington  |b International Monetary Fund  |c 2007 
300 |a viii, 76 s. 
490 1 |a World economic and financial surveys 
830 0 |a World economic and financial surveys 
610 2 0 |a situácia hospodárska 
610 2 0 |a politika hospodárska 
610 2 0 |a USA 
610 2 0 |a Kanada 
610 2 0 |a Latinská Amerika 
610 2 0 |a Karibská oblasť 
610 2 0 |a politika finančná 
610 2 0 |a politika fiškálna 
610 2 0 |a politika sociálna